| 000 | 00519nam a2200181Ia 4500 | ||
|---|---|---|---|
| 005 | 20250423100507.0 | ||
| 008 | 250422s9999 xx 000 0 und d | ||
| 020 | _a9781555631161 | ||
| 050 | _aTN 870 .P48/ | ||
| 100 | _aLake, Larry W. | ||
| 245 | 0 | _aPetroleum engineering handbook vol. III : facilities and construction engineering | |
| 260 | _aTexas | ||
| 260 | _bSociety of Petroleum Engineers | ||
| 260 | _c2007 | ||
| 300 | _a605 p | ||
| 650 | _aPetroleum engineering--Handbooks, manuals, etc | ||
| 942 | _cBK | ||
| 999 |
_c33474 _d33474 |
||